MESTSKÁ KNIŽNICA GIRALTOVCE  - online katalóg 

Šinrin'joku (Record no. 23151)

000 -NÁVESTIE
fixed length control field 02291cam a2200661 4500
001 - EVIDENČNÉ ČÍSLO ZÁZNAMU - Kontrolné číslo
control field vtls011761451
005 - DÁTUM A ČAS POSLEDNEJ TRANSAKCIE
control field 20220207132240.0
008 - ÚDAJE S PEVNOU DĹŽKOU – VŠEOBECNÉ INFORMÁCIE
fixed length control field 200316s2018 xo o g n 000 0 slo
020 ## - MEDZINÁRODNÉ ŠTANDARDNÉ ČÍSLO KNIHY (ISBN)
Medzinárodné štandardné číslo knihy (ISBN) 9788055160252
Qualifying information (viazané)
035 ## - Iný štandardný identifikátor
Iný štandardný identifikátor urn:nbn:sk:snk-am00dhp5
035 ## - Iný štandardný identifikátor
Iný štandardný identifikátor urn:nbn:sk:snk-am3i2mv
035 ## - Iný štandardný identifikátor
Iný štandardný identifikátor 97523046-48D3-467A-8775-62687FD49E03
040 ## - ZDROJ KATALOGIZÁCIE
Pôvodná katalogizujúca agentúra SVKBB
Jazyk katalogizácie slo
Prepisujúca agentúra SVKBB
Modifikujúca agentúra SNK
Konvencie popisu rda
041 1# - KÓD JAZYKA
Kód jazyka textu/zvukovej stopy alebo samostatných nápisov slo
Kód jazyka originálu a/alebo sprostredkujúcich prekladov textu eng
044 ## - KÓD KRAJINY VYDAVATEĽA/PRODUCENTA
Kód krajiny MARC xo
Kód krajiny ISO SK
072 #7 - KÓD PREDMETOVEJ KATEGÓRIE
Kód predmetovej kategórie 615.8
Pododdiel kódu predmetovej kategórie Fyzioterapia. Psychoterapia. Alternatívna medicína
Zdroj konspekt
080 ## - ČÍSLO MEDZINÁRODNÉHO DESATINNÉHO TRIEDENIA (MDT)
Číslo Medzinárodného desatinného triedenia (MDT) 615.83+615.89
Identifikátor vydania 2011
080 ## - ČÍSLO MEDZINÁRODNÉHO DESATINNÉHO TRIEDENIA (MDT)
Číslo Medzinárodného desatinného triedenia (MDT) 630*10
Identifikátor vydania 2011
080 ## - ČÍSLO MEDZINÁRODNÉHO DESATINNÉHO TRIEDENIA (MDT)
Číslo Medzinárodného desatinného triedenia (MDT) 615.8
Identifikátor vydania 2011
080 ## - ČÍSLO MEDZINÁRODNÉHO DESATINNÉHO TRIEDENIA (MDT)
Číslo Medzinárodného desatinného triedenia (MDT) 615.851
Identifikátor vydania 2011
080 ## - ČÍSLO MEDZINÁRODNÉHO DESATINNÉHO TRIEDENIA (MDT)
Číslo Medzinárodného desatinného triedenia (MDT) 502.1
Identifikátor vydania 2011
080 ## - ČÍSLO MEDZINÁRODNÉHO DESATINNÉHO TRIEDENIA (MDT)
Číslo Medzinárodného desatinného triedenia (MDT) 613.86
Identifikátor vydania 2011
080 ## - ČÍSLO MEDZINÁRODNÉHO DESATINNÉHO TRIEDENIA (MDT)
Číslo Medzinárodného desatinného triedenia (MDT) (520)
Identifikátor vydania 2011
080 ## - ČÍSLO MEDZINÁRODNÉHO DESATINNÉHO TRIEDENIA (MDT)
Číslo Medzinárodného desatinného triedenia (MDT) 796.5
Identifikátor vydania 2011
080 ## - ČÍSLO MEDZINÁRODNÉHO DESATINNÉHO TRIEDENIA (MDT)
Číslo Medzinárodného desatinného triedenia (MDT) (0.062)
Identifikátor vydania 2011
100 1# - OSOBNÉ MENÁ – VŠEOBECNÉ INFORMÁCIE
Osobné meno Li, Qing
Kód roly aut
-- 2741
240 10 - UNIFIKOVANÝ NÁZOV
Unifikovaný názov Shinrin-yoku
Jazyk diela Slovensky
245 10 - NÁZOV
Názov Šinrin'joku
Zvyšok názvu umenie a veda lesného kúpeľa
Údaj o zodpovednosti atď. Quing Li ; preložila Henrieta Hatalová
246 1# - INÁ FORMA NÁZVU
Zobrazovaný text Obálkový podnázov:
Hlavný názov/skrátený názov Ako vám stromy pomôžu nájsť zdravie a šťastie
264 #1 - VYDAVATEĽSKÉ ÚDAJE, DISTRIBÚCIA ATĎ. - RDA
Miesto publikovania, distribúcie atď. Bratislava
Názov vydavateľa, distibútora atď. Ikar
Dátum publikovania, distribúcie atď. 2018
300 ## - FYZICKÝ POPIS
Rozsah 319 strán
Ďalšie fyzické detaily farebné fotografie
Rozmery 22 cm
336 ## - TYP OBSAHU
Typ obsahu - termín text
Typ obsahu - kód txt
Zdroj rdacontent
337 ## - TYP MÉDIA
Typ média - termín bez média
Typ média - kód n
Zdroj rdamedia
338 ## - TYP NOSIČA
Typ nosiča - termín zväzok
Typ nosiča - kód nc
Zdroj rdacarrier
500 ## - VŠEOBECNÁ POZNÁMKA
Formátovaná poznámka o obsahu Preložené z angličtiny
650 07 - PRIDANÝ VSTUP – PREDMET – TEMATICKÉ HESLO
Tematické heslo alebo geografický názov ako vstupný prvok prírodné liečiteľstvo
Zdroj hesla alebo termínu SNKPH
-- 1874
650 07 - PRIDANÝ VSTUP – PREDMET – TEMATICKÉ HESLO
Tematické heslo alebo geografický názov ako vstupný prvok Healing
Zdroj hesla alebo termínu SNKPHeng
-- 1879
650 07 - PRIDANÝ VSTUP – PREDMET – TEMATICKÉ HESLO
Tematické heslo alebo geografický názov ako vstupný prvok Forests
Zdroj hesla alebo termínu SNKPHeng
-- 1485
650 07 - PRIDANÝ VSTUP – PREDMET – TEMATICKÉ HESLO
Tematické heslo alebo geografický názov ako vstupný prvok Alternative therapy
Zdroj hesla alebo termínu SNKPHeng
-- 2742
650 07 - PRIDANÝ VSTUP – PREDMET – TEMATICKÉ HESLO
Tematické heslo alebo geografický názov ako vstupný prvok lesy
Zdroj hesla alebo termínu SNKPH
-- 1479
650 07 - PRIDANÝ VSTUP – PREDMET – TEMATICKÉ HESLO
Tematické heslo alebo geografický názov ako vstupný prvok alternatívna terapia
Zdroj hesla alebo termínu SNKPH
-- 2743
650 07 - PRIDANÝ VSTUP – PREDMET – TEMATICKÉ HESLO
Tematické heslo alebo geografický názov ako vstupný prvok psychoterapia
Zdroj hesla alebo termínu SNKPH
-- 2471
650 07 - PRIDANÝ VSTUP – PREDMET – TEMATICKÉ HESLO
Tematické heslo alebo geografický názov ako vstupný prvok Psychotherapy
Zdroj hesla alebo termínu SNKPHeng
-- 2470
650 07 - PRIDANÝ VSTUP – PREDMET – TEMATICKÉ HESLO
Tematické heslo alebo geografický názov ako vstupný prvok človek a príroda
Zdroj hesla alebo termínu SNKPH
-- 2744
650 07 - PRIDANÝ VSTUP – PREDMET – TEMATICKÉ HESLO
Tematické heslo alebo geografický názov ako vstupný prvok Man and nature
Zdroj hesla alebo termínu SNKPHeng
-- 2745
650 07 - PRIDANÝ VSTUP – PREDMET – TEMATICKÉ HESLO
Tematické heslo alebo geografický názov ako vstupný prvok relaxácia
Zdroj hesla alebo termínu SNKPH
-- 2746
650 07 - PRIDANÝ VSTUP – PREDMET – TEMATICKÉ HESLO
Tematické heslo alebo geografický názov ako vstupný prvok Relaxation
Zdroj hesla alebo termínu SNKPHeng
-- 2747
650 07 - PRIDANÝ VSTUP – PREDMET – TEMATICKÉ HESLO
Tematické heslo alebo geografický názov ako vstupný prvok rekreácia vo voľnej prírode
Zdroj hesla alebo termínu SNKPH
-- 2748
650 07 - PRIDANÝ VSTUP – PREDMET – TEMATICKÉ HESLO
Tematické heslo alebo geografický názov ako vstupný prvok Outdoor recreation
Zdroj hesla alebo termínu SNKPHeng
-- 2749
651 #7 - PRIDANÝ VSTUP – PREDMET – GEOGRAFICKÝ NÁZOV
Geografický názov Japonsko
Zdroj hesla alebo termínu SNKPHeo
-- 2750
651 #7 - PRIDANÝ VSTUP – PREDMET – GEOGRAFICKÝ NÁZOV
Geografický názov Japan
Zdroj hesla alebo termínu SNKPHeng
-- 2751
655 #7 - INDEXAČNÝ TERMÍN – ŽÁNER/FORMA
Údaje o žánri/forme alebo termín, ktorý je prvok fazety populárno-náučné publikácie
Zdroj termínu SNKPH
-- 1486
655 #7 - INDEXAČNÝ TERMÍN – ŽÁNER/FORMA
Údaje o žánri/forme alebo termín, ktorý je prvok fazety Popular works
Zdroj termínu SNKPHeng
-- 1487
700 1# - PRIDANÝ VSTUP – OSOBNÉ MENO
Osobné meno Hatalová, Henrieta
Kód roly trl
-- 2752
958 ## - Formálny deskriptor
Formálny deskriptor NB
958 ## - Formálny deskriptor
Formálny deskriptor OP
Holdings
Stav stiahnutia (Blokovanie) (Withrawn status) Stav straty Zdroj klasifikácie pre skladovanie Stav poškodenia (Damaged status) Nie pre výpožičky (Not for loan) Spôsob nadobudnutia (Collection code) Trvalé umiestnenie Aktuálne umiestnenie Dátum nadobudnutia Inventárne číslo (prírastkové číslo) Celkom výpožičky Full call number Čiarový kód Dátum posledného výskytu Dátum poslednej výpôžičky Cena s účinnosťou od Typ jednotky Koha
          Dar Mestská knižnica Giraltovce Mestská knižnica Giraltovce 2022-02-07 21498 2 S1504 S1504 2023-06-14 2023-03-06 2022-02-07 Odborná literatúra pre dospelých

Powered by Koha